000 00639nam a2200193 a 4500
001 21287
003 CO-ViMGA
008 141112s2004 ck r 000 u spa d
020 _a958043065
040 _aCO-ViMGA
_bspa
_cCO-ViMGA
082 0 4 _aA863 M657
100 1 _aMontes, Graciela; Wolf, Ema
_930349
245 1 0 _aEl turno del escriba
260 _aMadrid; Alfaguara,
_c2005
300 _a258
590 _aForma de adquisición : Compra fact. 0859 - - Precio : 39000 - - Proveedor : Temas y libros - - Fecha de adquisición : Mayo 2007 - - Fecha de descarte : 958 - 04 - 306 - 5
650 1 4 _aNOVELA ARGENTINA
_92131
942 _2ddc
_cBK
999 _c4867
_d4867